000
00243nam a2200109Ia 4500
005
20251222144907.0
008
251222s9999||||xx |||||||||||||| ||spa||
082
_a
516.24/C47
245
0
_a
TrigonometrĂa:
264
_b
Cepre-Uni
942
_c
LIB
999
_c
22210
_d
22210